| 000 | 00726nam a22001817a 4500 | ||
|---|---|---|---|
| 008 | 151125b xxu||||| |||| 00| 0 eng d | ||
| 020 | _a9780130166807 | ||
| 050 |
_aHD58.7 _b.R62 2001 |
||
| 100 | _aRobbins, Stephen P., 1943- | ||
| 245 |
_aOrganizational behavior / _cStephen P. Robbins |
||
| 250 | _a9th ed. [review copy] | ||
| 260 |
_aUpper Saddle River, N.J. : _bPrentice Hall, _c2001 |
||
| 300 |
_axxvii, 643 p. : _bcol. ill. ; _c26 cm. + _e1 computer laser optical disc (4 3/4 in.) |
||
| 500 | _aIncludes bibliographical references and indexes | ||
| 538 | _aSystem requirements for accompanying computer disc: Macintosh/Windows 95, 98, or NT | ||
| 650 | _a650 0 Organizational behavior | ||
| 942 |
_2lcc _cBK |
||
| 999 |
_c45404 _d45404 |
||